| 000 | 00520nam a2200169 i 4500 | ||
|---|---|---|---|
| 001 | 30654 | ||
| 003 | ES-MaACL | ||
| 005 | 20230906154231.0 | ||
| 007 | t| | ||
| 008 | 030127s1965 ag ||||1| spa d | ||
| 245 | 0 | 0 |
_aGrandes batallas militares / _cdirección: Cyril Falls ; [traducción J. Ferrer Aleu]. |
| 260 |
_aBuenos Aires, etc : _bPlaza y Janés, _c1965. |
||
| 300 |
_a303 p., 28 lám. ; _c32 cm. |
||
| 700 | 1 |
_aFalls, Cyril. _948774 |
|
| 700 | 1 |
_aFerrer Aleu, J. _950442 |
|
| 852 |
_aES-MaACL _jC-35677 _bR.56210 |
||
| 999 |
_c30654 _d30654 |
||